• 首页
  • 本馆介绍
  • 公告通知
  • 最新文献
  • 馆藏检索
  • 电子资源
  • 读者导购
  • 参考咨询
  • 我的图书馆
  • 登录
  • 详细信息显示
  • 放入我的书架
  • 预约/预借图书
  • 作者相关作品
  • 分类相关作品
  • 丛书相关作品
  • 出版社相关作品

书目信息

  • 表格格式
  • 工作单格式
  • 卡片格式
题名:
计算机管理信息系统设计与实现
    
 
作者: 黎连业 编
分册:  
出版信息: 北京   学苑出版社  1993
页数: 153页
开本: 26cm
丛书名:
单 册:
中图分类: C931.6
科图分类:
主题词: 计算机管理--技术 , 计算机管理--方法
电子资源:
ISBN: 7-5077-0801-2
000 00619nam0 2200205 450
001 0738792975
005 20070707155253.37
010    @a7-5077-0801-2@dCNY12.00
100    @a20070707d1993 km y0chiy0120 ea
101 0  @achi
102    @aCN@b110000
200 1  @a计算机管理信息系统设计与实现@Aji suan ji guan li xin xi xi tong she ji yu shi xian@f黎连业等编@Fli lian ye deng bian
210    @a北京@c学苑出版社@d1993
215    @a153页@d26cm
606 0  @a计算机管理@x技术
606 0  @a计算机管理@x方法
690    @aC931.6@v3
701  0 @a黎连业@Ali lian ye@4编
801  0 @aCN@bPFT@c20070707
905    @a10447@dC931.6@e345
    
    计算机管理信息系统设计与实现/黎连业等编.-北京:学苑出版社,1993
    153页;26cm
    
    
    ISBN 7-5077-0801-2:CNY12.00
    
●
相关链接 在E读中查询图书 在五车中查询图书 在当当中查询图书 在豆瓣中查询图书


正题名:计算机管理信息系统设计与实现     索取号:C931.6/345         预约/预借

序号 登录号 条形码 馆藏地/架位号 状态 备注
1 0766674   207666747   第一样本阅览室/ [索取号:C931.6/345] 在馆    
唐山师范学院图书馆 欢迎您!
大连网信软件有限公司© 版权所有